Introduksiyon sa pag-aaral ng wika (pandalubhasaan) / (Record no. 69275)
[ view plain ]
| 000 -LEADER | |
|---|---|
| fixed length control field | 01039nam a22002777a 4500 |
| 003 - CONTROL NUMBER IDENTIFIER | |
| control field | URS |
| 005 - DATE AND TIME OF LATEST TRANSACTION | |
| control field | 20230427103147.0 |
| 008 - FIXED-LENGTH DATA ELEMENTS--GENERAL INFORMATION | |
| fixed length control field | 230413b |||||||| |||| 00| 0 eng d |
| 020 ## - INTERNATIONAL STANDARD BOOK NUMBER | |
| International Standard Book Number | 978-621-406-312-3 |
| 040 ## - CATALOGING SOURCE | |
| Language of cataloging | Filipino |
| Transcribing agency | URS |
| Description conventions | rda |
| 050 14 - LIBRARY OF CONGRESS CALL NUMBER | |
| Classification number | PL6051 |
| Item number | .I61997 2021 |
| 100 ## - MAIN ENTRY--PERSONAL NAME | |
| 9 (RLIN) | 4564 |
| Personal name | Canasa, Catalina M. |
| Relator term | author |
| 245 ## - TITLE STATEMENT | |
| Title | Introduksiyon sa pag-aaral ng wika (pandalubhasaan) / |
| Statement of responsibility, etc | Catalina M. Canasa, Ma. Estela A. Sescon, Rowena N. Ariaso... [et. al] |
| 260 ## - PUBLICATION, DISTRIBUTION, ETC. (IMPRINT) | |
| Place of publication, distribution, etc | Intramuros, Manila Philippines |
| Name of publisher, distributor, etc | Mindshapers Co., Inc. |
| Date of publication, distribution, etc | ©2021 |
| 300 ## - PHYSICAL DESCRIPTION | |
| Extent | vi, 175 pages : |
| Other physical details | illustrations ; |
| Dimensions | 25 cm |
| 336 ## - CONTENT TYPE | |
| Source | rdacontent |
| Content type term | text |
| 337 ## - MEDIA TYPE | |
| Source | rdamedia |
| Media type term | unmediated |
| 338 ## - CARRIER TYPE | |
| Source | rdacarrier |
| Carrier type term | volume |
| 504 ## - BIBLIOGRAPHY, ETC. NOTE | |
| Bibliography, etc | Includes bibliographical references and indexes. |
| 650 #0 - SUBJECT ADDED ENTRY--TOPICAL TERM | |
| 9 (RLIN) | 4565 |
| Topical term or geographic name as entry element | Filipino language -- Study and teaching. |
| 700 ## - ADDED ENTRY--PERSONAL NAME | |
| 9 (RLIN) | 4569 |
| Personal name | Sescon, Ma. Estela A. |
| Relator term | author |
| 700 ## - ADDED ENTRY--PERSONAL NAME | |
| 9 (RLIN) | 4570 |
| Personal name | Ariaso, Rowena N. |
| Relator term | author |
| 700 ## - ADDED ENTRY--PERSONAL NAME | |
| 9 (RLIN) | 4571 |
| Personal name | Macatabon, Radji A. |
| Relator term | author |
| 700 ## - ADDED ENTRY--PERSONAL NAME | |
| 9 (RLIN) | 4572 |
| Personal name | Mabalhin, Joel Q. |
| Relator term | author |
| 942 ## - ADDED ENTRY ELEMENTS (KOHA) | |
| Source of classification or shelving scheme | Library of Congress Classification |
| Koha item type | Filipiniana |
| Withdrawn status | Lost status | Source of classification or shelving scheme | Damaged status | Not for loan | Collection code | Home library | Current library | Shelving location | Date acquired | Total Checkouts | Full call number | Barcode | Date last seen | Copy number | Koha item type |
|---|---|---|---|---|---|---|---|---|---|---|---|---|---|---|---|
| Library of Congress Classification | Non-fiction | Morong College Library | Morong College Library | New Materials Shelf | 04/27/2023 | PL6051 .I61997 2021 | URSMOR-CL-28948 | 04/27/2023 | 1 | Filipiniana | |||||
| Library of Congress Classification | Non-fiction | Morong College Library | Morong College Library | New Materials Shelf | 04/27/2023 | PL6051 .I61997 2021 | URSMOR-CL-28949 | 04/27/2023 | 2 | Filipiniana | |||||
| Library of Congress Classification | Non-fiction | Morong College Library | Morong College Library | New Materials Shelf | 04/27/2023 | PL6051 .I61997 2021 | URSMOR-CL-28950 | 04/27/2023 | 3 | Filipiniana | |||||
| Library of Congress Classification | Non-fiction | Morong College Library | Morong College Library | New Materials Shelf | 04/27/2023 | PL6051 .I61997 2021 | URSMOR-C:28951 | 04/27/2023 | 4 | Filipiniana | |||||
| Library of Congress Classification | Non-fiction | Morong College Library | Morong College Library | New Materials Shelf | 04/27/2023 | PL6051 .I61997 2021 | URSMOR-CL-28952 | 04/27/2023 | 5 | Filipiniana |